000
00187nam a2200085Ia 4500
008
120527s9999 xx 000 0 und d
100
_a
PEARCE, Andrew
245
_a
Farm Welding
942
_c
BK
999
_c
25156
_d
25156